000 00359nam a22001457a 4500
999 _c8751
_d8751
003 OSt
008 200709b ||||| |||| 00| 0 eng d
020 _a9788185790015
100 _aKuchekar B S and A. M. Khadatare
245 _aForensic Pharmacy
250 _a2017
260 _anew delhi
_bNirali
650 _aPharmaceutical Jurisprudence
942 _2ddc
_cBK